[Event "4NCL Division 3 North"]
[Site "Wakefield, ENG"]
[Date "2017.05.01"]
[Round "11.55"]
[White "Laurence, Geoff"]
[Black "Denisov, Seny D"]
[Result "0-1"]
[WhiteElo "1928"]
[BlackElo "1803"]
[PlyCount "58"]
[EventDate "2017.05.01"]
[WhiteTeam "Holmes Chapel"]
[BlackTeam "3Cs 2"]

1. d4 Nf6 2. Nf3 e6 3. e3 c5 4. Bd3 cxd4 5. exd4 Be7 6. O-O O-O 7. Bf4 b6 8. c4
Bb7 9. Nc3 d5 10. cxd5 Nxd5 11. Nxd5 Bxd5 12. Re1 Nc6 13. Be4 Bxe4 14. Rxe4 Qd5
15. Re2 Rad8 16. Rd2 Bd6 17. Be3 Be7 18. a3 Bf6 19. Rc1 Rc8 20. Rc3 Ne7 21.
Rdc2 Rxc3 22. Rxc3 e5 23. Qa4 exd4 24. Bxd4 Rd8 25. Rd3 Nf5 26. Bxf6 Qxd3 27.
Bc3 Nd4 28. Ne1 Ne2+ 29. Kh1 Nxc3 0-1

[Event "4NCL Division 3 North"]
[Site "Wakefield, ENG"]
[Date "2017.05.01"]
[Round "11.56"]
[White "Gittens, Nathan L"]
[Black "Scattergood, Ben"]
[Result "0-1"]
[WhiteElo "1826"]
[BlackElo "1794"]
[PlyCount "60"]
[EventDate "2017.05.01"]
[WhiteTeam "3Cs 2"]
[BlackTeam "Holmes Chapel"]

1. d4 Nf6 2. c4 e6 3. Nc3 Bb4 4. e3 O-O 5. Bd3 b6 6. Nge2 Bb7 7. O-O Bxc3 8.
Nxc3 d6 9. f4 Nbd7 10. e4 e5 11. d5 exf4 12. Bxf4 Qe7 13. Nb5 Nc5 14. Bg5 a6
15. Bxf6 gxf6 16. Nd4 Qe5 17. Nf5 Kh8 18. Qh5 Nxd3 19. Rf3 Nf4 20. Qh6 Rg8 21.
Rxf4 Qxb2 22. Qxh7+ Kxh7 23. Rh4+ Kg6 24. Rh6+ Kg5 25. Rf1 Qd2 26. h4+ Kg4 27.
Rxf6 Kh5 28. g3 Raf8 29. Kh1 Bc8 30. Ne7 Rxg3 0-1

[Event "4NCL Division 3 North"]
[Site "Wakefield, ENG"]
[Date "2017.05.01"]
[Round "11.61"]
[White "Richardson, Alex"]
[Black "Ye, Kevin"]
[Result "1-0"]
[WhiteElo "2143"]
[BlackElo "1735"]
[PlyCount "97"]
[EventDate "2017.05.01"]
[WhiteTeam "Cheddleton 2"]
[BlackTeam "3Cs 3"]

1. c4 e6 2. Nc3 Nf6 3. e4 e5 4. Nf3 Nc6 5. Be2 Bb4 6. d3 O-O 7. O-O Bxc3 8.
bxc3 h6 9. h3 d6 10. Rb1 Ne7 11. Re1 Ng6 12. Bf1 c5 13. g3 Nh7 14. Bg2 b6 15.
Be3 Rb8 16. g4 Nh4 17. Nxh4 Qxh4 18. f4 exf4 19. Bxf4 Rd8 20. Qf3 Ng5 21. Qg3
Qxg3 22. Bxg3 Bb7 23. a4 Bc6 24. a5 b5 25. cxb5 Rxb5 26. Rxb5 Bxb5 27. d4 f6
28. Kf2 Nf7 29. Rb1 Bc6 30. h4 cxd4 31. cxd4 d5 32. e5 fxe5 33. dxe5 Re8 34.
Rc1 Re6 35. Rc5 g5 36. hxg5 hxg5 37. Bxd5 Bxd5 38. Rxd5 a6 39. Kf3 Kg7 40. Ke4
Kg6 41. Rd7 Re8 42. Ra7 Nd6+ 43. Kd5 Nb5 44. Rxa6+ Kf7 45. Rf6+ Kg7 46. Rc6
Rd8+ 47. Kc4 Na3+ 48. Kb3 Rd3+ 49. Rc3 1-0

[Event "4NCL Division 3 North"]
[Site "Wakefield, ENG"]
[Date "2017.05.01"]
[Round "11.62"]
[White "Denisov, Denis"]
[Black "Acey, Gerald"]
[Result "0-1"]
[WhiteElo "1757"]
[BlackElo "2127"]
[PlyCount "68"]
[EventDate "2017.05.01"]
[WhiteTeam "3Cs 3"]
[BlackTeam "Cheddleton 2"]

1. e4 e5 2. Nf3 Nc6 3. d4 exd4 4. Nxd4 Nf6 5. Nc3 Bb4 6. Nxc6 bxc6 7. Bd3 d5 8.
e5 Ng4 9. O-O O-O 10. h3 Nxe5 11. Bxh7+ Kxh7 12. Qh5+ Kg8 13. Qxe5 Bd6 14. Qh5
Qf6 15. f4 Bf5 16. Qe2 Qh4 17. g4 Qg3+ 18. Qg2 Qxg2+ 19. Kxg2 Bxc2 20. Bd2 d4
21. Ne2 c5 22. Ng3 Rfe8 23. Rac1 Bd3 24. Rf2 Re7 25. h4 Rae8 26. h5 Be4+ 27.
Kh3 f6 28. b3 Bd5 29. Nf5 Re2 30. Kg3 Bf8 31. g5 d3 32. h6 gxh6 33. gxh6 Rxf2
34. Kxf2 Re2+ 0-1

[Event "4NCL Division 3 North"]
[Site "Wakefield, ENG"]
[Date "2017.05.01"]
[Round "11.63"]
[White "Edwards, Simon R"]
[Black "Moorcroft, Karl"]
[Result "1-0"]
[WhiteElo "2087"]
[BlackElo "1660"]
[PlyCount "73"]
[EventDate "2017.05.01"]
[WhiteTeam "Cheddleton 2"]
[BlackTeam "3Cs 3"]

1. e4 c6 2. d4 d5 3. e5 Bf5 4. h4 h5 5. Bg5 Qb6 6. Bd3 Bxd3 7. Qxd3 e6 8. b3
Ne7 9. Ne2 c5 10. dxc5 Qxc5 11. O-O Nec6 12. Be3 Qe7 13. Qb5 Qc7 14. f4 Nd7 15.
c3 g6 16. a3 Be7 17. g3 a6 18. Qd3 Nc5 19. Qc2 Ne4 20. Nd2 Bc5 21. Bxc5 Nxc5
22. b4 Nd7 23. c4 Qb6+ 24. c5 Qc7 25. Rfc1 Rc8 26. Qd3 b5 {[%cal Gf3d2,Gd2g3]}
27. Nf3 O-O 28. Ned4 Ndb8 29. Nxe6 fxe6 30. Qxg6+ Qg7 31. Qxe6+ Qf7 32. Qh6 Qg7
33. Qg5 Ne7 34. Kf2 Rc6 35. Qxg7+ Kxg7 36. Rd1 Rcc8 37. Nd4 1-0

[Event "4NCL Division 3 North"]
[Site "Wakefield, ENG"]
[Date "2017.05.01"]
[Round "11.64"]
[White "Rigby, Stephen"]
[Black "Boswell, Jacob Connor"]
[Result "0-1"]
[WhiteElo "1682"]
[BlackElo "1952"]
[PlyCount "74"]
[EventDate "2017.05.01"]
[WhiteTeam "3Cs 3"]
[BlackTeam "Cheddleton 2"]

1. d4 f5 2. c4 e6 3. Nc3 Nf6 4. e3 Be7 5. Bd3 O-O 6. Qc2 d6 7. Nf3 Nc6 8. a3 a5
9. Bd2 Qe8 10. O-O-O Ng4 11. Rdf1 e5 12. dxe5 dxe5 13. e4 f4 14. Nd5 Bd8 15.
Bc3 b6 16. h3 Nf6 17. g3 fxg3 18. fxg3 Nh5 19. Qh2 Qg6 20. g4 Bg5+ 21. Nxg5
Qxg5+ 22. Bd2 Nf4 23. Nxf4 exf4 24. Bxf4 Qd8 25. Qg3 Be6 26. Bxc7 Qd4 27. Qd6
Qxd6 28. Bxd6 Rfd8 29. e5 Nxe5 30. Bxe5 Rxd3 31. Rd1 Bxc4 32. Rxd3 Bxd3 33. Rd1
Rc8+ 34. Bc3 Be4 35. Rd7 Kf8 36. Rxg7 Rxc3+ 37. bxc3 Kxg7 0-1

[Event "4NCL Division 3 North"]
[Site "Wakefield, ENG"]
[Date "2017.05.01"]
[Round "11.65"]
[White "Davison, Colin F S"]
[Black "Harman, George"]
[Result "1/2-1/2"]
[WhiteElo "1932"]
[BlackElo "1645"]
[PlyCount "118"]
[EventDate "2017.05.01"]
[WhiteTeam "Cheddleton 2"]
[BlackTeam "3Cs 3"]

1. c4 c5 2. g3 Nc6 3. Bg2 d6 4. Nf3 g6 5. O-O Bg7 6. Nc3 Nf6 7. d3 Bg4 8. a3
Qd7 9. Rb1 Bh3 10. Bd2 Bxg2 11. Kxg2 O-O 12. Bg5 h6 13. Bxf6 Bxf6 14. Qd2 Bg7
15. h4 h5 16. Ne4 Nd4 17. b4 b6 18. Nxd4 Bxd4 19. e3 Bg7 20. Qa2 Qc6 21. f3 Bh6
22. Rfe1 Bg7 23. Rh1 Rad8 24. Rhd1 Qa4 25. Qb3 Qxb3 26. Rxb3 cxb4 27. Rxb4 d5
28. Nf2 dxc4 29. Rxc4 Rc8 30. Rdc1 Rcd8 31. a4 Rd7 32. Rc7 Rfd8 33. f4 e5 34.
Kf3 exf4 35. Kxf4 Rd5 36. Rc8 Rf5+ 37. Ke4 Rxc8 38. Rxc8+ Kh7 39. Nh3 Re5+ 40.
Kf3 Bh6 41. e4 Ra5 42. Rc4 b5 43. axb5 Rxb5 44. Rc7 a5 45. Rxf7+ Kg8 46. Ra7
Bd2 47. Ng5 Rb3 48. Ke2 Rb2 49. Kd1 Bb4 50. d4 Rg2 51. e5 Rxg3 52. Kc2 Rg4 53.
d5 Rxh4 54. d6 Rc4+ 55. Kd3 Rc3+ 56. Ke4 Re3+ 57. Kf4 Re1 58. Nf3 Rd1 59. d7
Kf8 1/2-1/2

[Event "4NCL Division 3 North"]
[Site "Wakefield, ENG"]
[Date "2017.05.01"]
[Round "11.66"]
[White "McGee, Peter"]
[Black "Armstrong, William G"]
[Result "0-1"]
[WhiteElo "1262"]
[BlackElo "1843"]
[PlyCount "50"]
[EventDate "2017.05.01"]
[WhiteTeam "3Cs 3"]
[BlackTeam "Cheddleton 2"]

1. d4 Nf6 2. c4 g6 3. Nc3 Bg7 4. Nf3 d5 5. Bg5 Ne4 6. cxd5 Nxc3 7. bxc3 O-O 8.
e4 c5 9. dxc6 Nxc6 10. Be2 Qc7 11. O-O Bg4 12. Qb3 Rac8 13. Rfc1 h6 14. Bh4 Na5
15. Qa3 e5 16. Bg3 Bxf3 17. Bxf3 Nc4 18. Qb4 Nd2 19. Rc2 Nxf3+ 20. gxf3 Rfd8
21. Rb1 g5 22. Qxb7 Qxb7 23. Rxb7 exd4 24. Bc7 d3 25. Rd2 Rd7 0-1

[Event "4NCL Division 3 North"]
[Site "Wakefield, ENG"]
[Date "2017.05.01"]
[Round "11.71"]
[White "Bramson, Mike"]
[Black "Livesey, R Nigel"]
[Result "1-0"]
[WhiteElo "1883"]
[BlackElo "1870"]
[PlyCount "45"]
[EventDate "2017.05.01"]
[WhiteTeam "Bradford DCA Knights C"]
[BlackTeam "Manchester Manticores 4"]

1. e4 c6 2. d4 d5 3. Nc3 b5 4. exd5 b4 5. Ne4 cxd5 6. Ng3 Nf6 7. Nf3 Bg4 8. h3
Bxf3 9. Qxf3 e6 10. Bd3 Nc6 11. c3 Be7 12. O-O O-O 13. Re1 Qa5 14. Bg5 Rab8 15.
Re2 bxc3 16. bxc3 Rfc8 17. Rae1 Rb7 18. Nf5 Kf8 19. Nxe7 Nxe7 20. Bxf6 gxf6 21.
Qxf6 Ng6 22. Bxg6 hxg6 23. Rxe6 1-0

[Event "4NCL Division 3 North"]
[Site "Wakefield, ENG"]
[Date "2017.05.01"]
[Round "11.72"]
[White "Taylor, Mark"]
[Black "Dean, Robert A"]
[Result "1/2-1/2"]
[WhiteElo "1847"]
[BlackElo "1839"]
[PlyCount "86"]
[EventDate "2017.05.01"]
[WhiteTeam "Manchester Manticores 4"]
[BlackTeam "Bradford DCA Knights C"]

1. e4 e6 2. d4 d5 3. Nc3 Bb4 4. e5 c5 5. Bd2 Nh6 6. Nb5 Bxd2+ 7. Qxd2 O-O 8.
dxc5 Nc6 9. f4 f6 10. Nf3 fxe5 11. fxe5 Nf7 12. Qe3 Qa5+ 13. c3 Bd7 14. b4 Qa4
15. Nbd4 Ne7 16. Bd3 Nh6 17. O-O Nef5 18. Qd2 Nxd4 19. Nxd4 Nf7 20. Rae1 a5 21.
a3 axb4 22. axb4 Qa2 23. Qe3 Nh6 24. Qh3 Qd2 25. Rxf8+ Rxf8 26. Qe3 Qa2 27. h3
Kh8 28. Qe2 Qa3 29. Qc2 g6 30. Nb3 Qa8 31. c4 dxc4 32. Qxc4 Nf5 33. b5 Ne7 34.
Nd4 Qa5 35. Rd1 Nd5 36. Qc1 Qa4 37. Bc4 Nc3 38. Bb3 Qxd4+ 39. Rxd4 Ne2+ 40. Kh2
Nxc1 41. Bc4 Bxb5 42. Bxb5 Nb3 43. Rc4 Na5 1/2-1/2

[Event "4NCL Division 3 North"]
[Site "Wakefield, ENG"]
[Date "2017.05.01"]
[Round "11.73"]
[White "Procter, Colin S"]
[Black "Lonsdale, Jon I"]
[Result "1/2-1/2"]
[WhiteElo "1800"]
[BlackElo "1817"]
[PlyCount "40"]
[EventDate "2017.05.01"]
[WhiteTeam "Bradford DCA Knights C"]
[BlackTeam "Manchester Manticores 4"]

1. c4 c5 2. g3 e5 3. Bg2 g6 4. Nc3 Bg7 5. Nf3 Nc6 6. O-O Nge7 7. Ne1 O-O 8. Nc2
d6 9. a3 Be6 10. Nd5 Qd7 11. d3 Bh3 12. Bh6 f6 13. Bxg7 Kxg7 14. Nxe7 Nxe7 15.
b4 Bxg2 16. Kxg2 b6 17. b5 d5 18. e4 dxc4 19. dxc4 Qb7 20. Qe2 Nf5 1/2-1/2

[Event "4NCL Division 3 North"]
[Site "Wakefield, ENG"]
[Date "2017.05.01"]
[Round "11.74"]
[White "Rahulan, Thivyaa"]
[Black "Winter, Kevin"]
[Result "0-1"]
[WhiteElo "1735"]
[BlackElo "1795"]
[PlyCount "108"]
[EventDate "2017.05.01"]
[WhiteTeam "Manchester Manticores 4"]
[BlackTeam "Bradford DCA Knights C"]

1. e4 d6 2. d4 Nf6 3. Nc3 Nbd7 4. f4 e5 5. dxe5 dxe5 6. fxe5 Nxe5 7. Qxd8+ Kxd8
8. Bg5 c6 9. Nf3 Bd6 10. O-O-O Kc7 11. Be2 Nxf3 12. gxf3 h6 13. Bh4 Bf4+ 14.
Kb1 Be6 15. Bd3 g5 16. Bg3 Nh5 17. Ne2 Nxg3 18. hxg3 Be3 19. f4 Bg4 20. Rdf1
gxf4 21. gxf4 h5 22. Rh4 Rae8 23. Ng3 f5 24. e5 Ref8 25. a3 Kd7 26. Be2 Bxe2
27. Nxe2 Rfg8 28. Rf3 Bc5 29. Ng3 Ke6 30. Nxh5 Rh7 31. Ka2 Rg2 32. Kb3 a5 33.
a4 b6 34. Rh1 Rg1 35. Rxg1 Bxg1 36. Ng3 Rh3 37. Rd3 Bh2 38. Ne2 Rh4 39. Rd6+
Ke7 40. Rxc6 Bxf4 41. Nxf4 Rxf4 42. Rxb6 Re4 43. Rb5 f4 44. Rxa5 f3 45. Ra7+
Ke6 46. Rh7 f2 47. Rh1 Re1 48. Rxe1 fxe1=Q 49. Ka3 Kxe5 50. c3 Kd5 51. Kb4 Qe4+
52. Ka5 Qc4 53. b4 Qxc3 54. Kb5 Kd6 0-1

[Event "4NCL Division 3 North"]
[Site "Wakefield, ENG"]
[Date "2017.05.01"]
[Round "11.75"]
[White "Baxter, Harold"]
[Black "Norris, Michael J"]
[Result "1-0"]
[WhiteElo "1844"]
[BlackElo "1690"]
[PlyCount "91"]
[EventDate "2017.05.01"]
[WhiteTeam "Bradford DCA Knights C"]
[BlackTeam "Manchester Manticores 4"]

1. Nf3 d5 2. g3 Nf6 3. Bg2 g6 4. d4 Bg7 5. c4 c6 6. Nbd2 O-O 7. O-O Bf5 8. Nh4
Be6 9. c5 b6 10. Nb3 Na6 11. Qd3 Qc8 12. Bd2 bxc5 13. dxc5 Nd7 14. Qc2 f5 15.
Nf3 Bf7 16. Bc3 e5 17. e3 Nc7 18. Ng5 Ne6 19. Nxe6 Bxe6 20. f4 e4 21. Bxg7 Kxg7
22. Nd4 Nf6 23. b4 Ng4 24. Qc3 Kg8 25. Rfc1 a6 26. Bf1 Rf7 27. a4 Rfa7 28. Rab1
Kf7 29. Be2 h5 30. h3 Nf6 31. b5 axb5 32. axb5 Ra3 33. Rb3 Rxb3 34. Qxb3 cxb5
35. Bxb5 Ne8 36. Bxe8+ Kxe8 37. Qb5+ Ke7 38. c6 Rb8 39. Qc5+ Kf7 40. Qd6 Ra8
41. c7 Ra6 42. Nc6 Kg7 43. Qe5+ Kf7 44. Nd8+ Ke7 45. Qg7+ Kd6 46. Qxg6 1-0

[Event "4NCL Division 3 North"]
[Site "Wakefield, ENG"]
[Date "2017.05.01"]
[Round "11.76"]
[White "Pollard, Matthew B"]
[Black "Clarke, Paul Rh"]
[Result "1-0"]
[WhiteElo "1727"]
[BlackElo "1745"]
[PlyCount "45"]
[EventDate "2017.05.01"]
[WhiteTeam "Manchester Manticores 4"]
[BlackTeam "Bradford DCA Knights C"]

1. c4 e6 2. d4 d5 3. Nc3 Nf6 4. cxd5 exd5 5. Bg5 Be7 6. e3 O-O 7. Bd3 c6 8.
Nge2 Re8 9. O-O Bg4 10. f3 Bh5 11. Nf4 Bg6 12. Nxg6 hxg6 13. Qb3 Qb6 14. Qc2
Nbd7 15. a3 Nh5 16. Bxe7 Rxe7 17. Na4 Qc7 18. Nc3 Rxe3 19. Nxd5 cxd5 20. Qxc7
Rxd3 21. Qxd7 Nf6 22. Qxb7 Re8 23. Rfe1 1-0

[Event "4NCL Division 3 North"]
[Site "Wakefield, ENG"]
[Date "2017.05.01"]
[Round "11.201"]
[White "Allis, Richard"]
[Black "Ackley, Peter J E"]
[Result "1-0"]
[WhiteElo "2045"]
[BlackElo "2002"]
[PlyCount "77"]
[EventDate "2017.05.01"]
[WhiteTeam "Bradford DCA Knights B"]
[BlackTeam "Spirit of Atticus B"]

1. d4 g6 2. Nf3 Bg7 3. c3 d6 4. Bg5 Nf6 5. Nbd2 O-O 6. e4 c5 7. dxc5 dxc5 8.
Bc4 Nc6 9. O-O Qc7 10. Qe2 h6 11. Bxf6 exf6 12. Bd5 f5 13. Qb5 Ne7 14. Nb3 Nxd5
15. exd5 b6 16. Qe2 c4 17. Nbd4 Bb7 18. Nc6 b5 19. Nfd4 Bxd4 20. Nxd4 Qc5 21.
Rad1 Qxd5 22. f3 Rfe8 23. Qd2 Kg7 24. Rfe1 a6 25. Qf4 Qc5 26. Kf1 Rac8 27. a3
Qf8 28. Re5 Rxe5 29. Qxe5+ Kg8 30. Re1 Qc5 31. Qf6 a5 32. Re7 Bd5 33. Re5 Rb8
34. h4 h5 35. Nxf5 gxf5 36. Qg5+ Kf8 37. Qf6 Kg8 38. Rxf5 Rb6 39. Rg5+ 1-0

[Event "4NCL Division 3 North"]
[Site "Wakefield, ENG"]
[Date "2017.05.01"]
[Round "11.204"]
[White "Cooper, John G"]
[Black "Gardiner, Eric D"]
[Result "0-1"]
[WhiteElo "1953"]
[BlackElo "1947"]
[PlyCount "144"]
[EventDate "2017.05.01"]
[WhiteTeam "Spirit of Atticus B"]
[BlackTeam "Bradford DCA Knights B"]

1. e4 e6 2. d3 d5 3. Nd2 c5 4. Ngf3 Nc6 5. g3 g6 6. Bg2 Bg7 7. O-O Nge7 8. Re1
b6 9. Nf1 dxe4 10. dxe4 Qxd1 11. Rxd1 O-O 12. c3 Ba6 13. e5 Rad8 14. Bf4 h6 15.
h4 Nd5 16. Rd2 Nxf4 17. gxf4 Ne7 18. Kh2 Rxd2 19. N1xd2 Rd8 20. Ne4 Nf5 21. Ng3
Nxg3 22. fxg3 Bf8 23. Re1 Be7 24. Kg1 Bb7 25. Kf2 b5 26. Re2 a5 27. Rd2 Bd5 28.
b3 c4 29. bxc4 Bxc4 30. Nd4 Bc5 31. Ke3 b4 32. cxb4 axb4 33. Be4 Rd7 34. Bb1
Ra7 35. Ke4 Bd5+ 36. Ke3 Ra3+ 37. Rd3 Ra7 38. Rd2 h5 39. Ke2 Ra3 40. Nb3 Bxb3
41. axb3 Rxb3 42. Bd3 Ra3 43. Rc2 Bd4 44. Rc4 Ra2+ 45. Kf3 Rf2+ 46. Ke4 Bc3 47.
Ke3 Rg2 48. Kf3 Rd2 49. Ke4 Rd1 50. Ke3 Rc1 51. Rc8+ Kg7 52. Rb8 Be1 53. Kf3
Rc3 54. Ke4 Bxg3 55. Rxb4 Bxh4 56. Kd4 Rc7 57. Ke3 Be7 58. Rb1 Kh6 59. Ke4 Ra7
60. Rb8 Kg7 61. Rb2 Ra4+ 62. Kf3 g5 63. fxg5 Bxg5 64. Rg2 Kh6 65. Rb2 h4 66.
Rb7 Rf4+ 67. Kg2 h3+ 68. Kg3 Kg7 69. Rb3 Rh4 70. Rb1 Rd4 71. Bf1 Bf4+ 72. Kxh3
Bxe5 0-1

[Event "4NCL Division 3 North"]
[Site "Wakefield, ENG"]
[Date "2017.05.01"]
[Round "11.207"]
[White "Johnson, Paul A"]
[Black "Lloyd, Stephen M"]
[Result "1-0"]
[WhiteElo "1887"]
[BlackElo "1787"]
[PlyCount "115"]
[EventDate "2017.05.01"]
[WhiteTeam "Bradford DCA Knights B"]
[BlackTeam "Spirit of Atticus B"]

1. d4 c5 2. d5 Nf6 3. c4 b5 4. cxb5 a6 5. b6 Bb7 6. Nc3 d6 7. e4 g6 8. Nf3 Nbd7
9. h3 Bg7 10. Be2 O-O 11. O-O Qxb6 12. Qc2 Rfc8 13. Be3 Qc7 14. Nd2 Nb6 15. Nc4
Nfd7 16. f4 Nxc4 17. Bxc4 Nb6 18. Be2 Rf8 19. g4 Bc8 20. Rad1 Bd7 21. Kh2 Rfb8
22. b3 a5 23. a4 Nc8 24. Nb5 Bxb5 25. Bxb5 Na7 26. Bc4 Nc8 27. Rf3 Nb6 28. Bb5
Nd7 29. Bc1 Rb6 30. Bb2 Nf6 31. g5 Ne8 32. Bxg7 Nxg7 33. f5 Qb7 34. Bc6 Rxc6
35. dxc6 Qxc6 36. fxg6 hxg6 37. Rdf1 Rf8 38. Qc4 e6 39. Rd1 Nf5 40. Qd3 Nd4 41.
Re3 Rb8 42. Qb1 Qb6 43. Red3 e5 44. Qa2 Qc6 45. Re3 Rb4 46. Rc1 Ne6 47. Qg2 Qb7
48. Rcc3 Nd4 49. Qg3 Ne6 50. Qg2 Nf4 51. Qf3 d5 52. Rxc5 d4 53. Rxe5 dxe3 54.
Re8+ Kh7 55. Qxf4 Rxe4 56. Rxe4 Qxb3 57. Qh4+ Kg7 58. Qh6+ 1-0

[Event "4NCL Division 3 North"]
[Site "Wakefield, ENG"]
[Date "2017.05.01"]
[Round "11.203"]
[White "Johnson, Michael D"]
[Black "Tyton, Adam"]
[Result "1/2-1/2"]
[WhiteElo "1979"]
[BlackElo "1945"]
[PlyCount "127"]
[EventDate "2017.05.01"]
[WhiteTeam "Spirit of Atticus B"]
[BlackTeam "Manchester Manticores 3"]

1. Nf3 Nf6 2. g3 c5 3. Bg2 Nc6 4. d4 cxd4 5. Nxd4 g6 6. Nxc6 bxc6 7. c4 Bg7 8.
Nc3 O-O 9. O-O Ba6 10. Qa4 Qc8 11. Rb1 Rb8 12. Bf4 Rb6 13. c5 Bb5 14. Nxb5 Rxb5
15. b4 Rb7 16. Rfc1 Nh5 17. Bg5 Nf6 18. Bd2 Ne8 19. Qc2 Nc7 20. a4 a6 21. e4
Ne6 22. Bf1 Ra7 23. Bc3 Bxc3 24. Qxc3 Qc7 25. Bc4 Ng7 26. a5 Qb8 27. Qd3 Qc8
28. f4 Kh8 29. Rd1 f5 30. e5 e6 31. Rb2 Rf7 32. Qc3 Kg8 33. Rbd2 Kf8 34. Qb3
Re7 35. h3 Ne8 36. g4 Ng7 37. Kh2 Qb8 38. Qc3 Rf7 39. g5 Re7 40. Kg2 Qc8 41.
Be2 Kf7 42. Rd4 Ne8 43. h4 Nc7 44. h5 gxh5 45. Qh3 Kg8 46. Qxh5 Nd5 47. Rh1 Qe8
48. Qf3 Rg7 49. Kf2 Qf8 50. Rc1 Ra8 51. Qd3 Qd8 52. Bf3 Qb8 53. Bxd5 cxd5 54.
Rh1 Qc8 55. Rh6 Qc6 56. Kf3 Rb8 57. Qa3 Rb5 58. Qc3 Qb7 59. Qd2 Qc6 60. Qc1 Rb8
61. Qa3 Qb5 62. Kf2 Kf7 63. Qa2 Qc6 64. Qa3 1/2-1/2

[Event "4NCL Division 3 North"]
[Site "Wakefield, ENG"]
[Date "2017.05.01"]
[Round "11.206"]
[White "Potter, Steven"]
[Black "Mort, Andrew J"]
[Result "1/2-1/2"]
[WhiteElo "1922"]
[BlackElo "1861"]
[PlyCount "39"]
[EventDate "2017.05.01"]
[WhiteTeam "Manchester Manticores 3"]
[BlackTeam "Spirit of Atticus B"]

1. d4 f5 2. Bg5 Nf6 3. Bxf6 exf6 4. e3 d5 5. Bd3 g6 6. Ne2 Bd6 7. Nbc3 c6 8.
O-O Qc7 9. Ng3 Be6 10. a3 Nd7 11. Re1 Kf7 12. Nce2 Rae8 13. c3 Re7 14. Qd2 h5
15. h4 c5 16. dxc5 Nxc5 17. Bc2 Bxg3 18. Nxg3 Ne4 19. Nxe4 dxe4 20. Rad1
1/2-1/2

[Event "4NCL Division 3 North"]
[Site "Wakefield, ENG"]
[Date "2017.05.01"]
[Round "11.209"]
[White "Bromley, Graham J"]
[Black "Jaques, Andrew"]
[Result "0-1"]
[WhiteElo "1847"]
[BlackElo "1952"]
[PlyCount "64"]
[EventDate "2017.05.01"]
[WhiteTeam "Spirit of Atticus B"]
[BlackTeam "Manchester Manticores 3"]

1. e4 c6 2. d4 d5 3. Nc3 dxe4 4. Nxe4 Bf5 5. Ng3 Bg6 6. Nf3 Nd7 7. h4 h6 8. h5
Bh7 9. Bd3 Bxd3 10. Qxd3 Qc7 11. Bd2 e6 12. O-O-O Ngf6 13. Qe2 O-O-O 14. Ne5
Nb6 15. Ba5 Rd5 16. b4 Rxa5 17. bxa5 Ba3+ 18. Kd2 Bb4+ 19. c3 Bxa5 20. Kc2 Nbd5
21. Qc4 Nxc3 22. Rd3 Nfd5 23. a3 Rd8 24. Rc1 f6 25. Ng6 b5 26. Qb3 Qd6 27. Kb2
Kb7 28. Rdxc3 Nxc3 29. Rxc3 Qxd4 30. Ne2 Bxc3+ 31. Qxc3 Qd2+ 32. Qc2 Qe1 0-1

[Event "4NCL Division 3 North"]
[Site "Wakefield, ENG"]
[Date "2017.05.01"]
[Round "11.202"]
[White "Hilton, Tim"]
[Black "Barker, Arron"]
[Result "1/2-1/2"]
[WhiteElo "1930"]
[BlackElo "1908"]
[PlyCount "90"]
[EventDate "2017.05.01"]
[WhiteTeam "Manchester Manticores 3"]
[BlackTeam "Bradford DCA Knights B"]

1. c4 e5 2. g3 Nf6 3. Bg2 c6 4. Nf3 e4 5. Nd4 Qb6 6. Nb3 d5 7. cxd5 cxd5 8. d3
Bb4+ 9. Bd2 e3 10. fxe3 Ng4 11. Bxb4 Qxb4+ 12. Qd2 Qd6 13. Nc3 Be6 14. Nb5 Qb6
15. N5d4 O-O 16. h3 Nf6 17. O-O-O a5 18. Nxe6 fxe6 19. g4 a4 20. Nd4 Nbd7 21.
Kb1 a3 22. b3 Nc5 23. Ka1 Kh8 24. Rhf1 Nfd7 25. g5 Ne5 26. h4 Nc6 27. Nxc6 Qxc6
28. d4 Nd7 29. Rc1 Rxf1 30. Bxf1 Qd6 31. Qc2 Rf8 32. Bh3 Qa6 33. h5 Kg8 34. h6
Rf2 35. Qc8+ Nf8 36. hxg7 Kxg7 37. Bg4 Rf7 38. Bh5 Ng6 39. Rh1 Rf8 40. Qc7+ Rf7
41. Qc2 Qa5 42. Rc1 Qd8 43. Bg4 Nf8 44. Bh5 Ng6 45. Bg4 Nf8 1/2-1/2

[Event "4NCL Division 3 North"]
[Site "Wakefield, ENG"]
[Date "2017.05.01"]
[Round "11.205"]
[White "Slinger, Tony J"]
[Black "Altham, John T"]
[Result "1/2-1/2"]
[WhiteElo "1905"]
[BlackElo "1922"]
[PlyCount "31"]
[EventDate "2017.05.01"]
[WhiteTeam "Bradford DCA Knights B"]
[BlackTeam "Manchester Manticores 3"]

1. e4 e5 2. Nc3 Nc6 3. Bc4 Nf6 4. d3 d6 5. f4 exf4 6. Nf3 Ne5 7. Bxf4 Nxc4 8.
dxc4 Be7 9. O-O O-O 10. h3 Be6 11. Qd3 Nd7 12. Rad1 Bf6 13. Bd2 Ne5 14. Nxe5
Bxe5 15. b3 Qe7 16. Nd5 1/2-1/2

[Event "4NCL Division 3 North"]
[Site "Wakefield, ENG"]
[Date "2017.05.01"]
[Round "11.208"]
[White "Lyth, John D"]
[Black "Patrick, David A"]
[Result "0-1"]
[WhiteElo "1900"]
[BlackElo "1878"]
[PlyCount "106"]
[EventDate "2017.05.01"]
[WhiteTeam "Manchester Manticores 3"]
[BlackTeam "Bradford DCA Knights B"]

1. d4 d5 2. Nf3 Nf6 3. c4 c6 4. Nc3 e6 5. e3 g6 6. Bd3 Bg7 7. O-O O-O 8. b3 Re8
9. Bb2 Nbd7 10. Qe2 Rb8 11. Rfd1 Qe7 12. a4 c5 13. cxd5 exd5 14. Ba3 b6 15. Nb5
Rb7 16. Rac1 a6 17. Nc3 Ra7 18. a5 Qe6 19. Na4 Ne4 20. axb6 Nxb6 21. Nxc5 Qf6
22. Nd2 Ng5 23. Nb1 Ne6 24. Qf3 Qxf3 25. gxf3 Ng5 26. Kg2 h5 27. f4 Nh7 28. Nc3
h4 29. N3a4 h3+ 30. Kg3 Nxa4 31. bxa4 Nf6 32. f5 gxf5 33. Kxh3 f4+ 34. Kg2 fxe3
35. fxe3 Rxe3 36. Rb1 Bh3+ 37. Kh1 Rae7 38. Rb8+ Re8 39. Rxe8+ Rxe8 40. Bxa6
Ng4 41. Nd3 Bxd4 42. Rd2 Re3 43. Bd6 Re6 44. Bc8 Rxd6 45. Bxg4 Bxg4 46. Kg2 Be3
47. Rb2 Bf5 48. Kf3 Bd4 49. Rb8+ Kg7 50. Nf4 Be4+ 51. Ke2 Rh6 52. h3 Be5 53.
Ke3 Bxb8 0-1